Monmouth Basketball: Top 10 All-Time Leaders - Statistics

General Stats
  • This quiz has been taken 5 times
    4 since last reset
  • The average score is 8 of 90
Answer Stats
Category # Player Amount % Correct
Three Pointers Made 5 George Papas 227
100%
Games 4 George Papas 133
100%
Rebounds 5 Chris Brady 625
50%
Blocks 3 Chris Brady 150
50%
Games 3 Chris Brady 135
50%
Games T7 Collin Stewart 129
50%
Points 1 Justin Robinson 2,003
50%
Assists 2 Justin Robinson 497
50%
Steals 2 Justin Robinson 211
50%
Three Pointers Made 3 Justin Robinson 257
50%
Field Goal Percent 10 Justin Robinson 42.0%
50%
Points Per Game 4 Justin Robinson 15.3
50%
Games 6 Justin Robinson 131
50%
Games T7 Zac Tillman 129
50%
Points T2 Alex Blackwell 1,749
0%
Rebounds 3 Alex Blackwell 679
0%
Field Goal Percent 2 Alex Blackwell 55.3%
0%
Points Per Game 1 Alex Blackwell 20.3
0%
Blocks 7 Alex Strum 86
0%
Assists 8 Austin Tilghman 302
0%
Games 5 Austin Tilghman 132
0%
Points 8 Blake Hamilton 1,433
0%
Three Pointers Made 8 Chris Kenny 195
0%
Points 6 Corey Albano 1,599
0%
Rebounds 1 Corey Albano 779
0%
Blocks 6 Corey Albano 107
0%
Field Goal Percent 4 Corey Albano 51.1%
0%
Points Per Game 8 Corey Albano 13.9
0%
Points 9 Dave Calloway 1,404
0%
Assists 6 Dave Calloway 395
0%
Steals 10 Dave Calloway 139
0%
Three Pointers Made 2 Dave Calloway 260
0%
Field Goal Percent 6 Dave Calloway 47.6%
0%
Points 5 Deion Hammond 1,613
0%
Three Pointers Made 1 Deion Hammond 272
0%
Points Per Game 7 Deion Hammond 13.9
0%
Three Pointers Made 4 Deki Delic 230
0%
Rebounds 7 Deon Jones 576
0%
Field Goal Percent 7 Deon Jones 45.4%
0%
Assists 1 Derric Thomas 524
0%
Rebounds 10 Diago Quinn 517
0%
Blocks 8 Diago Quinn 77
0%
Games 2 Diago Quinn 136
0%
Steals 8 Dwayne Byfield 144
0%
Three Pointers Made 6 Dwayne Byfield 214
0%
Rebounds 4 Ed Waite 658
0%
Steals 9 Ed Waite 143
0%
Points 10 Fernando Sanders 1,356
0%
Rebounds 6 Fernando Sanders 578
0%
Field Goal Percent 3 Fernando Sanders 52.9%
0%
Blocks 5 Giedrius Aidetis 116
0%
Steals 7 Jack Gordon 150
0%
Assists T3 James Hett 492
0%
Blocks 1 John Bunch 169
0%
Points T2 John Giraldo 1,749
0%
Assists T3 John Giraldo 492
0%
Steals 1 John Giraldo 266
0%
Three Pointers Made 7 John Giraldo 204
0%
Field Goal Percent 8 John Giraldo 44.4%
0%
Points Per Game 3 John Giraldo 15.5
0%
Rebounds 2 Kevin Owens 695
0%
Blocks 4 Kevin Owens 149
0%
Games 1 Marcus McClary 150
0%
Rebounds 8 Marques Alston 530
0%
Games 10 Marques Alston 126
0%
Field Goal Percent 5 Mason McBride 48.4%
0%
Points Per Game 5 Mason McBride 14.9
0%
Points Per Game 10 Micah Seaborn 13.5
0%
Assists 10 Mustafa Barksdale 292
0%
Steals 3 Mustafa Barksdale 209
0%
Rebounds 9 Mustapha Traore 525
0%
Blocks 10 Nikkei Rutty 66
0%
Three Pointers Made 9 Quin Hayes 186
0%
Points 4 Rashaan Johnson 1,628
0%
Assists 5 Rashaan Johnson 418
0%
Steals 5 Rashaan Johnson 169
0%
Three Pointers Made 10 Rashaan Johnson 181
0%
Field Goal Percent 9 Rashaan Johnson 42.2%
0%
Points Per Game 2 Rashaan Johnson 18.7
0%
Blocks 9 Steve Bridgemohan 70
0%
Blocks 2 Steve Wriedt 166
0%
Points Per Game 6 Travis Taylor 14.8
0%
Assists 7 Tyler Azzarelli 326
0%
Steals 4 Tyler Azzarelli 186
0%
Assists 9 Whitney Coleman 293
0%
Steals 6 Whitney Coleman 167
0%
Games 9 Whitney Coleman 127
0%
Points 7 William Lewis 1,517
0%
Field Goal Percent 1 William Lewis 55.7%
0%
Points Per Game 9 William Lewis 13.5
0%
No matching quizzes found
Score Distribution
Percent of People with Each Score
Percentile by Number Answered
Your Score History
You have not taken this quiz since the last reset